000 00847nam a2200277Ia 4500
003 OSt
005 20220928113446.0
006 a|||||r|||| 00| 0
007 ta
008 220927b |||||||| |||| 00| 0 eng d
020 _c3995
024 _a127318
037 _b2333, 27/10/2015, Govinda Book House
_cTextual
040 _aSDCL
_cSDCL
_beng
041 _2eng
_aeng
082 _aB43, N1
100 _aNarici Lawrence
_9387670
245 0 _aFunctional analysis and valuation theory
260 _aBoca Raton
_b CRC Press
_c2015
300 _avi;192p.
_ccm.
650 _aMathematics
700 _a Bachman George
_9433176
700 _a Beckenstein Edward
_9387671
942 _hB43, N1
_cTEXL
_2CC
999 _c749620
_d749620